[Event "zonal 1.4"]
[Site "Odorheiu Secuiesc ROM"]
[Date "1995.03.??"]
[Round "6"]
[White "Groszpeter, Attila"]
[Black "Marin, Mihail"]
[Result "1/2-1/2"]
[WhiteElo "2520"]
[BlackElo "2540"]
[EventDate "1995.03.17"]
[PlyCount "92"]

1.e4 c5 2.Nf3 d6 3.d4 cxd4 4.Nxd4 Nf6 5.Nc3 g6 6.Be3 Bg7 7.f3 Nc6 8.Qd2 
O-O 9.O-O-O d5 10.exd5 Nxd5 11.Nxc6 bxc6 12.Bd4 e5 13.Bc5 Be6 14.Ne4 Re8 
15.h4 h6 16.g4 Qc7 17.g5 h5 18.Bc4 Red8 19.Qf2 a5 20.a4 Qb7 21.b3 Nf4 22.
Bxe6 Nxe6 23.Rd6 Rxd6 24.Nxd6 Qe7 25.Ne4 Nxc5 26.Qxc5 Qxc5 27.Nxc5 f6 28.
Kd2 Kf7 29.Ke3 fxg5 30.hxg5 Bf8 31.Nd3 Ke6 32.Rh4 Bd6 33.Rc4 Kd5 34.Re4 
Rb8 35.f4 exf4+ 36.Kf3 c5 37.Nxf4+ Bxf4 38.Rxf4 Rb6 39.Rf8 c4 40.Rd8+ Ke6 
41.bxc4 Rb4 42.c5 Rc4 43.Rd6+ Kf5 44.Rd5+ Ke6 45.Rd6+ Kf5 46.Rd5+ Ke6 
1/2-1/2

[Event "zonal 1.4"]
[Site "Odorheiu Secuiesc ROM"]
[Date "1995.03.??"]
[Round "6"]
[White "Horvath, Csaba"]
[Black "Ionescu, Constantin"]
[Result "1/2-1/2"]
[WhiteElo "2500"]
[BlackElo "2535"]
[EventDate "1995.03.17"]
[PlyCount "25"]

1.d4 Nf6 2.c4 e6 3.Nc3 Bb4 4.Qc2 c5 5.dxc5 Bxc5 6.Nf3 Qb6 7.e3 Qc7 8.b3 b6
9.Bb2 Bb7 10.Be2 a6 11.O-O Be7 12.Rfd1 d6 13.Ng5 1/2-1/2

[Event "zonal 1.4"]
[Site "Odorheiu Secuiesc ROM"]
[Date "1995.03.??"]
[Round "6"]
[White "Matlak, Marek"]
[Black "Delchev, Alexander"]
[Result "0-1"]
[WhiteElo "2465"]
[BlackElo "2450"]
[EventDate "1995.03.17"]
[PlyCount "109"]

1.d4 Nf6 2.Nf3 e6 3.c4 c5 4.e3 b6 5.Bd3 Bb7 6.O-O Be7 7.b3 cxd4 8.exd4 O-O
9.Nbd2 d5 10.Bb2 Nc6 11.Rc1 Rc8 12.Qe2 Re8 13.Rfd1 Bf8 14.Nf1 g6 15.Ne3 
Bg7 16.Qe1 Re7 17.Bf1 Rec7 18.Ba1 Ne7 19.Ne5 Ne4 20.Bb2 f6 21.Nd3 Kf7 22.
f3 Nd6 23.Nf4 Qd7 24.cxd5 Nxd5 25.Nfxd5 Bxd5 26.Nxd5 exd5 27.Rxc7 Rxc7 28.
Rc1 Ne8 29.a4 Rxc1 30.Qxc1 Nc7 31.Kf2 Bf8 32.Qd2 a5 33.g3 f5 34.Qc3 Bd6 
35.Qd2 f4 36.g4 Qe7 37.Kg2 Qe3 38.Qc3 Ne6 39.Ba6 Bb4 40.Qd3 Ke7 41.Qc2 Kd6
42.Bb5 Ke7 43.Ba6 Kf6 44.Bb7 Bd2 45.Qd1 Nc7 46.Kf1 h5 47.gxh5 Qd3+ 48.Qe2 
Qb1+ 49.Kg2 Be3 50.Bc8 gxh5 51.Kh3 Ne8 52.Qg2 Nd6 53.Ba6 Qf5+ 54.Kh4 Ne4 
55.fxe4 0-1

[Event "zonal 1.4"]
[Site "Odorheiu Secuiesc ROM"]
[Date "1995.03.??"]
[Round "6"]
[White "Markowski, Tomasz"]
[Black "Mozny, Milos"]
[Result "1/2-1/2"]
[WhiteElo "2470"]
[BlackElo "2435"]
[EventDate "1995.03.17"]
[PlyCount "96"]

1.c4 e5 2.g3 Nf6 3.Bg2 d5 4.cxd5 Nxd5 5.Nc3 Nb6 6.Nf3 Nc6 7.O-O Be7 8.d3 
Be6 9.a3 O-O 10.b4 a5 11.b5 Nd4 12.Nd2 Nd5 13.Bxd5 Bxd5 14.e3 Be6 15.exd4 
Qxd4 16.Nde4 Rad8 17.Be3 Qxd3 18.Qxd3 Rxd3 19.Rfc1 b6 20.Ng5 Bg4 21.h3 Bh5
22.g4 Rxe3 23.Nd5 Bxg5 24.Nxe3 Bg6 25.Rxc7 f5 26.Nxf5 Bxf5 27.gxf5 Rxf5 
28.Rd1 h5 29.Rdd7 Bh6 30.Kg2 e4 31.a4 Rg5+ 32.Kf1 e3 33.fxe3 Rg3 34.e4 
Rxh3 35.Rc6 Ra3 36.e5 Ra1+ 37.Kg2 Ra2+ 38.Kf3 Rxa4 39.e6 Bg5 40.Rxb6 Rf4+ 
41.Ke2 h4 42.Rbb7 Bf6 43.Rd3 Re4+ 44.Re3 h3 45.Rxe4 h2 46.e7 Bxe7 47.Rexe7
h1=Q 48.Rxg7+ Kf8 1/2-1/2

[Event "zonal 1.4"]
[Site "Odorheiu Secuiesc ROM"]
[Date "1995.03.??"]
[Round "6"]
[White "Mrva, Martin"]
[Black "Priehoda, Vitezslav"]
[Result "1-0"]
[WhiteElo "2400"]
[BlackElo "2400"]
[EventDate "1995.03.17"]
[PlyCount "103"]

1.e4 e6 2.d3 d5 3.Nd2 Nf6 4.g3 dxe4 5.dxe4 e5 6.Ngf3 Nc6 7.c3 a5 8.Bb5 Bd6
9.O-O O-O 10.Re1 Qe7 11.Nh4 g6 12.Bf1 Bc5 13.h3 Nh5 14.Qf3 Ng7 15.Nb3 Bd6 
16.Bh6 Nd8 17.Nd2 f6 18.Kh2 Nf7 19.Bxg7 Kxg7 20.Nc4 Bc5 21.Qe2 Be6 22.Ne3 
c6 23.Qc2 Rad8 24.b3 Rd7 25.Rad1 Rfd8 26.Rxd7 Rxd7 27.Nef5+ gxf5 28.exf5 
Bd5 29.c4 Bb4 30.Re2 Bxc4 31.Qxc4 Rd1 32.Qg4+ Ng5 33.Bg2 Rd4 34.f4 Qf7 35.
Nf3 h5 36.Nxg5 hxg4 37.Nxf7 gxh3 38.fxe5 hxg2 39.e6 Bc5 40.Kxg2 Kf8 41.Kf3
Ke7 42.Rh2 Rd3+ 43.Kg4 Rd4+ 44.Kh5 a4 45.bxa4 Rxa4 46.Nh6 Bd4 47.Rh4 b5 
48.Kg6 Kf8 49.Ng4 Ra3 50.Rh8+ Ke7 51.Rh7+ Kf8 52.e7+ 1-0

[Event "zonal 1.4"]
[Site "Odorheiu Secuiesc ROM"]
[Date "1995.03.??"]
[Round "7"]
[White "Babula, Vlastimil"]
[Black "Markowski, Tomasz"]
[Result "1-0"]
[WhiteElo "2530"]
[BlackElo "2470"]
[EventDate "1995.03.17"]
[PlyCount "75"]

1.d4 d6 2.c4 e5 3.Nc3 exd4 4.Qxd4 Nf6 5.Nf3 Nc6 6.Qd2 Be7 7.b3 O-O 8.Bb2 
Ne5 9.e4 a5 10.Rd1 Bg4 11.Be2 Re8 12.Nd4 Bxe2 13.Qxe2 Bf8 14.O-O c6 15.Nf5
Qc7 16.f3 g6 17.Ne3 Nh5 18.g3 Rad8 19.Kg2 Bg7 20.Rfe1 Qe7 21.Qf2 Nf6 22.
Na4 h5 23.Bc3 Qc7 24.Bd4 Qe7 25.Nc2 Nh7 26.Bb6 Ra8 27.h4 Qf6 28.f4 Nd7 29.
e5 Qf5 30.Ne3 Qe4+ 31.Kh2 Nxe5 32.fxe5 Bxe5 33.Ng2 Qg4 34.Bd4 Kg7 35.Bxe5+
dxe5 36.Ne3 Qe6 37.Nc5 Qe7 38.Rd7 1-0

[Event "zonal 1.4"]
[Site "Odorheiu Secuiesc ROM"]
[Date "1995.03.??"]
[Round "7"]
[White "Ninov, Nikolai"]
[Black "Dumitrache, Dragos"]
[Result "1/2-1/2"]
[WhiteElo "2435"]
[BlackElo "2530"]
[EventDate "1995.03.17"]
[PlyCount "130"]

1.e4 c5 2.Nf3 d6 3.d4 cxd4 4.Nxd4 Nf6 5.Nc3 g6 6.Be3 Bg7 7.f3 Nc6 8.Qd2 
O-O 9.Bc4 Bd7 10.O-O-O Rc8 11.Bb3 Ne5 12.h4 h5 13.Bh6 Nc4 14.Bxc4 Rxc4 15.
Bxg7 Kxg7 16.Nd5 Nxd5 17.exd5 a5 18.g4 hxg4 19.h5 g5 20.b3 Rc5 21.Qxg5+ 
Kh7 22.Nf5 Bxf5 23.Qxf5+ Kh8 24.fxg4 a4 25.Qe4 axb3 26.axb3 Qa5 27.Qd4+ f6
28.b4 Qa3+ 29.Kd2 Qa4 30.c3 Qa2+ 31.Ke3 Rc4 32.Ra1 Qb3 33.Ra3 Rxd4 34.Rxb3
Rxg4 35.Kf3 Rg5 36.c4 Rfg8 37.Re3 Rg3+ 38.Ke2 Rg2+ 39.Kd3 Ra8 40.Rc1 Raa2 
41.c5 Rad2+ 42.Ke4 f5+ 43.Kxf5 Rxd5+ 44.Ke6 Rxh5 45.Kxe7 dxc5 46.Rxc5 Rxc5
47.bxc5 Rb2 48.Re6 Rb5 49.Kf7 Kh7 50.Re5 Kh6 51.Rd5 Ra5 52.Kf6 Rb5 53.Kf7 
Ra5 54.Rf5 Rb5 55.Re5 Ra5 56.Ke6 Kg6 57.Kd6 Kf6 58.Re6+ Kf5 59.Re5+ Kf6 
60.Re1 Rb5 61.Rf1+ Kg7 62.Rf3 Kg6 63.Rf8 Kg7 64.Rc8 Kf6 65.Rc7 Kf5 1/2-1/2

[Event "zonal 1.4"]
[Site "Odorheiu Secuiesc ROM"]
[Date "1995.03.??"]
[Round "7"]
[White "Nevednichy, Vladislav"]
[Black "Matlak, Marek"]
[Result "1-0"]
[WhiteElo "2485"]
[BlackElo "2465"]
[EventDate "1995.03.17"]
[PlyCount "73"]

1.e4 e6 2.d3 d5 3.Nd2 Nf6 4.Ngf3 b6 5.c3 c5 6.Qa4+ Qd7 7.Qc2 Qc7 8.Be2 Be7
9.O-O O-O 10.Re1 Ba6 11.Nf1 Nc6 12.Ng3 dxe4 13.dxe4 Bxe2 14.Qxe2 Rfd8 15.
e5 Nd7 16.h4 h6 17.Bf4 Rac8 18.h5 Bf8 19.Rad1 Ndb8 20.Ne4 Rxd1 21.Rxd1 Rd8
22.Rxd8 Nxd8 23.Bxh6 f5 24.exf6 gxh6 25.Nh4 Nbc6 26.Qg4+ Kh7 27.f4 Qf7 28.
Ng6 c4 29.Qe2 b5 30.g4 Kg8 31.g5 Qd7 32.Qg4 Nf7 33.gxh6 Nxh6 34.Ne7+ Kh8 
35.Qg8+ Nxg8 36.Ng6+ Kh7 37.Nxf8+ 1-0

[Event "zonal 1.4"]
[Site "Odorheiu Secuiesc ROM"]
[Date "1995.03.??"]
[Round "7"]
[White "Priehoda, Vitezslav"]
[Black "Horvath, Jozsef"]
[Result "1/2-1/2"]
[WhiteElo "2400"]
[BlackElo "2520"]
[EventDate "1995.03.17"]
[PlyCount "21"]

1.d4 Nf6 2.c4 g6 3.Nc3 d5 4.Nf3 Bg7 5.cxd5 Nxd5 6.Bd2 O-O 7.Rc1 Nb6 8.Bg5 
h6 9.Bh4 Nc6 10.e3 Be6 11.Bb5 1/2-1/2

[Event "zonal 1.4"]
[Site "Odorheiu Secuiesc ROM"]
[Date "1995.03.??"]
[Round "7"]
[White "Mrva, Martin"]
[Black "Gdanski, Jacek"]
[Result "1-0"]
[WhiteElo "2400"]
[BlackElo "2490"]
[EventDate "1995.03.17"]
[PlyCount "83"]

1.e4 e6 2.d3 d5 3.Nd2 Nf6 4.Ngf3 b6 5.c3 Be7 6.Be2 O-O 7.O-O c5 8.Re1 Nc6 
9.e5 Nd7 10.d4 a5 11.Bd3 Ba6 12.Bb1 Qc7 13.Nf1 cxd4 14.cxd4 Rfc8 15.Ng5 
Nf8 16.Bf4 Bxf1 17.Kxf1 a4 18.a3 b5 19.Re3 Bxg5 20.Bxg5 Qa7 21.Rd3 Na5 22.
Rh3 g6 23.Ba2 f5 24.exf6 Qf7 25.Rg3 Nc4 26.Qe2 Nd6 27.Bb1 Rc4 28.Qe5 Ra6 
29.Bd3 Nd7 30.Qe3 Nf5 31.Bxf5 exf5 32.b3 Rc8 33.Rc1 Re8 34.Qd3 Nxf6 35.
Qxb5 Rae6 36.Bxf6 Rxf6 37.Qxa4 f4 38.Rgc3 Qe6 39.Qb5 f3 40.Re3 Rc8 41.
Rxc8+ Qxc8 42.Re8+ 1-0

[Event "zonal 1.4"]
[Site "Odorheiu Secuiesc ROM"]
[Date "1995.03.??"]
[Round "7"]
[White "Mozny, Milos"]
[Black "Georgiev, Vladimir"]
[Result "1/2-1/2"]
[WhiteElo "2435"]
[BlackElo "2450"]
[EventDate "1995.03.17"]
[PlyCount "30"]

1.d4 d5 2.Nf3 Nf6 3.c4 c6 4.cxd5 cxd5 5.Nc3 Nc6 6.Bf4 e6 7.e3 Nh5 8.Be5 
Be7 9.Rc1 O-O 10.Bd3 Bd7 11.O-O Rc8 12.a3 Qe8 13.Bg3 Nxg3 14.hxg3 Na5 15.
Qe2 f6 1/2-1/2

[Event "zonal 1.4"]
[Site "Odorheiu Secuiesc ROM"]
[Date "1995.03.??"]
[Round "7"]
[White "Manik, Mikulas"]
[Black "Jirovsky, Milos"]
[Result "1/2-1/2"]
[WhiteElo "2380"]
[BlackElo "2425"]
[EventDate "1995.03.17"]
[PlyCount "101"]

1.e4 c5 2.Nf3 d6 3.d4 cxd4 4.Nxd4 Nf6 5.Nc3 g6 6.Be3 Bg7 7.f3 O-O 8.Qd2 
Nc6 9.O-O-O Nxd4 10.Bxd4 Be6 11.Kb1 Qc7 12.g4 Rfc8 13.g5 Nh5 14.Nb5 Qd7 
15.Bxg7 Kxg7 16.Nd4 Rc5 17.f4 Bg4 18.Be2 Rac8 19.c3 Bxe2 20.Nxe2 Qe6 21.
Qe3 Ra5 22.b3 f5 23.Rd4 d5 24.e5 Qb6 25.Qd2 e6 26.c4 Kf8 27.cxd5 Rxd5 28.
Rxd5 exd5 29.Qxd5 Rd8 30.Qc4 Ng7 31.Rc1 Ne6 32.h4 Kf7 33.h5 Rd2 34.hxg6+ 
hxg6 35.Rh1 Qc6 36.Rh7+ Ke8 37.Rh8+ Kf7 38.Rh7+ Ke8 39.Rh8+ Kf7 40.Rf8+ 
Kg7 41.Qxc6 bxc6 42.Rf6 Nxg5 43.Nc3 Nh3 44.Rxc6 Nxf4 45.Rc7+ Kf8 46.Rxa7 
g5 47.Ra6 Nd3 48.Rf6+ Ke8 49.Rxf5 Rb2+ 50.Ka1 Rc2 51.Rxg5 1/2-1/2

[Event "zonal 1.4"]
[Site "Odorheiu Secuiesc ROM"]
[Date "1995.03.??"]
[Round "8"]
[White "Hracek, Zbynek"]
[Black "Varga, Zoltan"]
[Result "1/2-1/2"]
[WhiteElo "2595"]
[BlackElo "2460"]
[EventDate "1995.03.17"]
[PlyCount "34"]

1.e4 Nf6 2.e5 Nd5 3.d4 d6 4.Nf3 g6 5.Bc4 Nb6 6.Bb3 Bg7 7.a4 dxe5 8.a5 Nd5 
9.Nxe5 O-O 10.O-O e6 11.Nf3 c5 12.c4 Nb4 13.Bg5 Bf6 14.Bxf6 Qxf6 15.Nc3 
cxd4 16.Ne4 Qg7 17.c5 N8c6 1/2-1/2

[Event "zonal 1.4"]
[Site "Odorheiu Secuiesc ROM"]
[Date "1995.03.??"]
[Round "8"]
[White "Groszpeter, Attila"]
[Black "Babula, Vlastimil"]
[Result "1/2-1/2"]
[WhiteElo "2520"]
[BlackElo "2530"]
[EventDate "1995.03.17"]
[PlyCount "27"]

1.e4 d5 2.exd5 Qxd5 3.Nc3 Qa5 4.d4 c6 5.Nf3 Nf6 6.Ne5 Nbd7 7.Nc4 Qc7 8.g3 
Nb6 9.Bf4 Qd8 10.Ne5 Nfd5 11.Bd2 Nxc3 12.Bxc3 Qd5 13.f3 Bf5 14.Qe2 1/2-1/2

[Event "zonal 1.4"]
[Site "Odorheiu Secuiesc ROM"]
[Date "1995.03.??"]
[Round "8"]
[White "Istratescu, Andrei"]
[Black "Ionescu, Constantin"]
[Result "1/2-1/2"]
[WhiteElo "2505"]
[BlackElo "2535"]
[EventDate "1995.03.17"]
[PlyCount "27"]

1.e4 e5 2.Nf3 Nc6 3.Bb5 Nf6 4.O-O Bc5 5.Nxe5 Nxe5 6.d4 a6 7.Ba4 Nxe4 8.Qe2
Be7 9.Qxe4 Ng6 10.c4 O-O 11.Nc3 c6 12.Bc2 d6 13.f4 f5 14.Qd3 1/2-1/2

[Event "zonal 1.4"]
[Site "Odorheiu Secuiesc ROM"]
[Date "1995.03.??"]
[Round "8"]
[White "Gdanski, Jacek"]
[Black "Horvath, Jozsef"]
[Result "1/2-1/2"]
[WhiteElo "2490"]
[BlackElo "2520"]
[EventDate "1995.03.17"]
[PlyCount "25"]

1.e4 c5 2.Nf3 e6 3.Nc3 Nc6 4.Bb5 Nge7 5.O-O Ng6 6.Bxc6 bxc6 7.d3 Be7 8.Be3
e5 9.Na4 d6 10.c3 O-O 11.d4 cxd4 12.cxd4 Bg4 13.h3 1/2-1/2

[Event "zonal 1.4"]
[Site "Odorheiu Secuiesc ROM"]
[Date "1995.03.??"]
[Round "8"]
[White "Horvath, Csaba"]
[Black "Delchev, Alexander"]
[Result "1-0"]
[WhiteElo "2500"]
[BlackElo "2450"]
[EventDate "1995.03.17"]
[PlyCount "75"]

1.d4 Nf6 2.c4 g6 3.Nc3 Bg7 4.e4 d6 5.Be2 O-O 6.Bg5 c5 7.d5 a6 8.a4 Qa5 9.
Bd2 e6 10.Nf3 exd5 11.exd5 Bg4 12.O-O Nbd7 13.h3 Bxf3 14.Bxf3 Ne8 15.Qc2 
Qd8 16.Rae1 Bd4 17.Ne2 Be5 18.a5 Ng7 19.g3 Re8 20.Be4 b5 21.axb6 Qxb6 22.
b3 Reb8 23.Rb1 Qd8 24.Kg2 Rb7 25.Ng1 f5 26.Bd3 Nh5 27.f4 Bg7 28.g4 fxg4 
29.hxg4 Qh4 30.gxh5 Qg4+ 31.Kh2 Qxh5+ 32.Nh3 g5 33.fxg5 Ne5 34.Bf4 Rf8 35.
Be2 Qe8 36.Bg3 Rbf7 37.Rxf7 Qxf7 38.Rf1 1-0

[Event "zonal 1.4"]
[Site "Odorheiu Secuiesc ROM"]
[Date "1995.03.??"]
[Round "8"]
[White "Dumitrache, Dragos"]
[Black "Mrva, Martin"]
[Result "0-1"]
[WhiteElo "2530"]
[BlackElo "2400"]
[EventDate "1995.03.17"]
[PlyCount "80"]

1.d4 Nf6 2.c4 g6 3.Nc3 Bg7 4.e4 d6 5.Bd3 O-O 6.Nge2 e5 7.d5 a5 8.a3 Nbd7 
9.O-O c6 10.b3 Nc5 11.Bc2 b5 12.cxb5 cxd5 13.exd5 Bb7 14.Rb1 Rc8 15.b4 
axb4 16.Rxb4 Qa5 17.Bb2 Qa8 18.f3 Bxd5 19.Ng3 Bb7 20.Qxd6 Rfd8 21.Qxe5 
Nfe4 22.Qxg7+ Kxg7 23.Ncxe4+ Kf8 24.Nf6 Rd6 25.Re1 Re6 26.Rxe6 Nxe6 27.Ra4
Rxc2 28.Rxa8+ Bxa8 29.Nxh7+ Ke7 30.Bf6+ Kd7 31.Nf1 Re2 32.Ng3 Ra2 33.Be5 
Nc5 34.h4 Nd3 35.Bd4 Nf4 36.Bf2 Rxa3 37.Ne4 Ra1+ 38.Kh2 Ra2 39.Kg3 Nh5+ 
40.Kh2 Bxe4 0-1

[Event "zonal 1.4"]
[Site "Odorheiu Secuiesc ROM"]
[Date "1995.03.??"]
[Round "8"]
[White "Georgiev, Vladimir"]
[Black "Markowski, Tomasz"]
[Result "0-1"]
[WhiteElo "2450"]
[BlackElo "2470"]
[EventDate "1995.03.17"]
[PlyCount "88"]

1.e4 d6 2.d4 Nf6 3.Nc3 Nc6 4.Bg5 g6 5.f4 h6 6.Bxf6 exf6 7.Nf3 Bg7 8.Bb5 
O-O 9.f5 Ne7 10.Bd3 c6 11.Qd2 d5 12.g4 dxe4 13.Nxe4 gxf5 14.gxf5 Bxf5 15.
Rg1 Bg6 16.O-O-O f5 17.Ng3 c5 18.h4 h5 19.Qg2 Kh8 20.Kb1 Rg8 21.dxc5 Qa5 
22.Nd2 Qxc5 23.Qf3 f4 24.Ne2 Qe5 25.Nc4 Qf6 26.Bxg6 fxg6 27.Rd6 Qxh4 28.
Rh1 Qg5 29.Qxf4 Bh6 30.Qxg5 Bxg5 31.Rg1 Bh6 32.Rd7 Rg7 33.Ne5 Kh7 34.Rxb7 
Rd8 35.Nd3 Be3 36.Rg3 Nf5 37.Rxg7+ Kxg7 38.Rh3 h4 39.a4 g5 40.Ne5 Rd1+ 41.
Ka2 Rd2 42.Nc3 Rxc2 43.Rf3 Rf2 44.Rxf2 Bxf2 0-1

[Event "zonal 1.4"]
[Site "Odorheiu Secuiesc ROM"]
[Date "1995.03.??"]
[Round "8"]
[White "Matlak, Marek"]
[Black "Priehoda, Vitezslav"]
[Result "1/2-1/2"]
[WhiteElo "2465"]
[BlackElo "2400"]
[EventDate "1995.03.17"]
[PlyCount "23"]

1.Nf3 d5 2.d4 Nf6 3.c4 c6 4.cxd5 cxd5 5.Nc3 Nc6 6.Bf4 Bf5 7.e3 e6 8.Bd3 
Bxd3 9.Qxd3 Bd6 10.Bxd6 Qxd6 11.O-O O-O 12.Rfe1 1/2-1/2

[Event "zonal 1.4"]
[Site "Odorheiu Secuiesc ROM"]
[Date "1995.03.??"]
[Round "9"]
[White "Hracek, Zbynek"]
[Black "Horvath, Csaba"]
[Result "1-0"]
[WhiteElo "2595"]
[BlackElo "2500"]
[EventDate "1995.03.17"]
[PlyCount "93"]

1.e4 d6 2.d4 Nf6 3.Nc3 g6 4.Bg5 Bg7 5.Qd2 c6 6.f4 O-O 7.e5 Nd5 8.Nxd5 cxd5
9.Bd3 Nc6 10.Ne2 Bg4 11.O-O-O Re8 12.h3 Bxe2 13.Bxe2 Qb6 14.Rhf1 Rac8 15.
Kb1 f6 16.Bh4 fxe5 17.dxe5 dxe5 18.Qxd5+ e6 19.Qb5 Qc7 20.c3 exf4 21.Qc4 
Qe5 22.Bg4 b5 23.Qxf4 Qxf4 24.Rxf4 Rc7 25.Re4 e5 26.Rd7 Rec8 27.a4 a6 28.
axb5 axb5 29.Be6+ Kf8 30.Bg3 h5 31.Rxg7 Kxg7 32.Bxc8 Rxc8 33.Bxe5+ Kf7 34.
Bf4 Kf6 35.Be3 Kf5 36.Rf4+ Ke5 37.g4 hxg4 38.Rxg4 Kf6 39.h4 Re8 40.Bd4+ 
Nxd4 41.Rxd4 Re5 42.Ka2 Ke6 43.Ka3 g5 44.hxg5 Rxg5 45.Kb4 Ke7 46.Ka5 Rg8 
47.Rb4 1-0

[Event "zonal 1.4"]
[Site "Odorheiu Secuiesc ROM"]
[Date "1995.03.??"]
[Round "9"]
[White "Dumitrache, Dragos"]
[Black "Nevednichy, Vladislav"]
[Result "1-0"]
[WhiteElo "2530"]
[BlackElo "2485"]
[EventDate "1995.03.17"]
[PlyCount "57"]

1.d4 d6 2.Nf3 g6 3.c4 Bg7 4.Nc3 Nf6 5.h3 O-O 6.Bf4 c6 7.e3 Nbd7 8.Be2 Qe8 
9.O-O e5 10.Bh2 Qe7 11.b4 e4 12.Nd2 Re8 13.c5 d5 14.b5 Nf8 15.bxc6 bxc6 
16.Qa4 Qd7 17.Nb3 Re6 18.Na5 Ne8 19.Rab1 f5 20.Rb3 g5 21.Rfb1 g4 22.hxg4 
Rg6 23.g5 h6 24.Bh5 Re6 25.Rb7 Bxb7 26.Rxb7 Qxb7 27.Nxb7 hxg5 28.Bxe8 
Raxe8 29.Nd6 1-0

[Event "zonal 1.4"]
[Site "Odorheiu Secuiesc ROM"]
[Date "1995.03.??"]
[Round "9"]
[White "Markowski, Tomasz"]
[Black "Gdanski, Jacek"]
[Result "1/2-1/2"]
[WhiteElo "2470"]
[BlackElo "2490"]
[EventDate "1995.03.17"]
[PlyCount "20"]

1.Nf3 d5 2.e3 c6 3.c4 Nf6 4.d4 g6 5.Nc3 Bg7 6.Be2 O-O 7.O-O dxc4 8.Bxc4 
Bf5 9.Qe2 Ne4 10.Nh4 Nxc3 1/2-1/2

[Event "zonal 1.4"]
[Site "Odorheiu Secuiesc ROM"]
[Date "1995.03.??"]
[Round "9"]
[White "Mrva, Martin"]
[Black "Istratescu, Andrei"]
[Result "0-1"]
[WhiteElo "2400"]
[BlackElo "2505"]
[EventDate "1995.03.17"]
[PlyCount "120"]

1.e4 c5 2.Ne2 d6 3.g3 g6 4.Bg2 Bg7 5.O-O Nc6 6.c3 e5 7.Na3 Nge7 8.Nc2 d5 
9.d3 O-O 10.Bg5 f6 11.exd5 Nxd5 12.c4 Nde7 13.Be3 b6 14.Nc3 Be6 15.a3 Rb8 
16.Re1 Qd7 17.b4 Rfd8 18.bxc5 Qxd3 19.Nd5 Qxc4 20.Nxe7+ Nxe7 21.Qe2 Qxe2 
22.Rxe2 Nd5 23.cxb6 axb6 24.Nb4 Nxb4 25.axb4 f5 26.Rc1 e4 27.f3 exf3 28.
Bxf3 Bd5 29.Kf2 Bxf3 30.Kxf3 Rd3 31.Kf2 Rb3 32.Bd2 Rd8 33.Rc4 b5 34.Rc7 
Bd4+ 35.Kf1 Rb1+ 36.Re1 Rb2 37.Re2 Rb1+ 38.Re1 Rxe1+ 39.Bxe1 h5 40.Rb7 Rd5
41.Bf2 Be5 42.h3 g5 43.Be3 Bxg3 44.Bxg5 f4 45.Bf6 h4 46.Ke2 Rf5 47.Bd4 f3+
48.Kf1 Rf4 49.Rd7 Re4 50.Bc3 f2 51.Rd1 Kf7 52.Rd7+ Ke6 53.Rd1 Re1+ 54.
Rxe1+ fxe1=Q+ 55.Bxe1 Bxe1 56.Kxe1 Kd5 57.Kd2 Kc4 58.Kc2 Kxb4 59.Kb2 Kc4 
60.Kc2 Kd4 0-1